Statistics for Top 10 San Francisco Giants of All-Time

Click here to take the quiz!

General Stats

  • This quiz has been taken 1,423 times
    (678 since last reset)
  • The average score is 5 of 10

Answer Stats

WAR Years Position Answer % Correct
116.01993-2007OFBarry Bonds
99%
147.81951-1952, 1954-1972OFWillie Mays
95%
52.72009-2019C/1BBuster Posey
92%
61.41959-1973, 1977-19801BWillie McCovey
71%
90.01900-1916PChristy Mathewson
51%
60.61960-1973PJuan Marichal
49%
110.51926-1947OFMel Ott
37%
56.51928-1943PCarl Hubbell
12%
57.01923-19361BBill Terry
9%
54.41883-1891, 1893-18941BRoger Connor
3%

Score Distribution

Percentile by Number Answered

Percent of People with Each Score

Your Score History

You have not taken this quiz since the last reset